| 000 | 01066nam a22003257a 4500 | ||
|---|---|---|---|
| 003 | CHAP | ||
| 005 | 20220329134927.0 | ||
| 008 | 971013s1980 r 00010 d | ||
| 010 | _a28193 | ||
| 011 | _a29165 | ||
| 035 | _a33276 | ||
| 040 | _cCHAP | ||
| 082 |
_a665.3 _bM3 |
||
| 100 | 0 | 0 |
_aMcGregor, Eileen E. _973576 |
| 245 |
_aResearch on Canola meal oil and seed _b: results of studies conducted under... |
||
| 260 |
_a(Manitoba) : _bCanola Council of Canada, _c1980 |
||
| 300 |
_a260 p. _b: ilus. ; gráfs |
||
| 490 |
_aProgress report _v; 6 |
||
| 590 |
_aBATCH-UPD _b10 _c20130110 _lUCH01 _h1559 |
||
| 590 |
_aBATCH-UPD _b10 _c20130410 _lUCH01 _h0957 |
||
| 590 |
_aBATCH-UPD _b10 _c20130913 _lUCH01 _h1851 |
||
| 590 |
_aCONVERSION _b10 _c20130109 _lUCH01 _h1316 |
||
| 650 | 1 | 4 |
_aAceite de colza. _9430 |
| 650 | 1 | 4 |
_aAceites vegetales en nutrición animal. _9465 |
| 650 | 1 | 4 |
_aSemillas oleaginosas. _9103944 |
| 830 | 0 |
_aProgress report _v; 6 _992387 |
|
| 901 | _aBK | ||
| 942 | _cLIBRO | ||
| 949 |
_a665.3 M3 _bBC _cLIBRO _d33724000132395 _eLIBRO _h57381 _i33276 _mD _si |
||
| 999 |
_c28193 _d28193 |
||